000
00277nam a2200109 a 4500
005
20201002053525.0
008
180426s2017 000 spa d
020
_a
9789945194951
245
0
_a
Ciencias de la naturaleza 4 :.
260
_a
Santo Domingo,
_c
2017.
999
_c
46782
_d
46782
040
_a
DO-SdBNP